Nā Amerikā paryaṭana (Record no. 86334)

MARC details
000 -LEADER
fixed length control field 00599cam a22002291 4500
001 - CONTROL NUMBER
control field sa 68015243
003 - CONTROL NUMBER IDENTIFIER
control field DLC
005 - DATE AND TIME OF LATEST TRANSACTION
control field 20260227112642.0
008 - FIXED-LENGTH DATA ELEMENTS--GENERAL INFORMATION
fixed length control field 940712s1966 ii 000 0 telo
010 ## - LIBRARY OF CONGRESS CONTROL NUMBER
LC control number sa 68015243
025 ## - OVERSEAS ACQUISITION NUMBER
Overseas acquisition number PL480:I-Te-1702
035 ## - SYSTEM CONTROL NUMBER
System control number (OCoLC)30753671
040 ## - CATALOGING SOURCE
Original cataloging agency DLC
Transcribing agency CU
Modifying agency CU
-- DLC
042 ## - AUTHENTICATION CODE
Authentication code premarc
050 00 - LIBRARY OF CONGRESS CALL NUMBER
Classification number E169.02
Item number .G63
100 2# - MAIN ENTRY--PERSONAL NAME
Personal name Gopala Krishna Murthy, Avula,
Dates associated with a name 1917-1966.
245 10 - TITLE STATEMENT
Title Nā Amerikā paryaṭana
260 ## - PUBLICATION, DISTRIBUTION, ETC.
Date of publication, distribution, etc. [1966]
300 ## - PHYSICAL DESCRIPTION
Extent viii, 236 p.
Dimensions 19 cm.
500 ## - GENERAL NOTE
General note In Telugu.
651 #0 - SUBJECT ADDED ENTRY--GEOGRAPHIC NAME
Geographic name United States
General subdivision Description and travel.

No items available.

Powered by Koha